000 01387nam a2200397 i 4500
001 196358
003 ES-MaACL
005 20250804062712.0
007 ta
008 181220s2018 sp | |||| 000 0 spa
017 _aB 20767-2018
_bOficina Depósito Legal Barcelona
020 _a9788417355562
035 _a(OCoLC)1142909408
035 _a(SpMaBN)a6389346
035 _a991017722529708606
040 _aSpMaBN
_bspa
_cSpMaBN
_erda
_dES-MaACL
080 _a821.133.1(73)-31"19"
100 _aLittell, Jonathan
_9238769
_eaut
245 1 4 _aUna vieja historia :
_bnueva versión /
_cJonathan Littell ; traducción de Robert Juan-Cantavella.
250 _aPrimera edición: noviembre de 2018
264 1 _aBarcelona :
_bGalaxia Gutenberg,
_c[2018]
264 4 _c©2018
300 _a304 p. ;
_c21 cm
336 _aTexto
_2rdacontent
337 _asin mediación
_2rdamedia
338 _avolumen
_2rdacarrier
655 0 _aNovelas
_9234319
700 _aJuan-Cantavella, Robert
_9238770
_etrl
852 _aES-MaACL
_cDEPO1
_hDonación: José Manuel Duarte Cendán
_9204061
_jA-15402
903 _9238529
_aDuarte Cendán, José Manuel
_q1
_ednr
942 _n0
_cMONOGRAFIA
999 _c196358
_d196358